000 00649nam a2200181Ia 4500
008 151018s9999 xx 000 0 und d
082 _bRBASDV45439
_a330
100 _aदुर्गा - भागवत
245 _aकौटिलीय अर्थशास्त्र
250 _b4
260 _bवरदा प्रकाशन पुणे
_c2002
300 _a580
600 _aदुर्गा - भागवत
630 _aकौटिलीय अर्थशास्त्र
700 _aदुर्गा - भागवत
730 _aकौटिलीय अर्थशास्त्र
942 _cBOOK
999 _c1044623
_d1044620